00593nam a22001931 4500001001300000003000400013005001700017008004100034010002200075025001900097043001200116050001700128100002200145245007300167260010400240300001800344650002000362999001700382sa 64006549 DLC20260227112040.0780517s1963 ii 00010 eng  asa 64006549 //r78 aPL480:I-E-3127 aa-ii---0 aAM73.A2bS3510aSatyamurti, S. T.10aAdministrative problems in the Indian museums,cby S. T. Satyamurti.0 a[Baroda]bDept. of Museology, Faculty of Fine Arts, Maharaja Sayajirao University of Barodac[1963] a85 p.c18 cm. 0aMuseumszIndia. c59764d59764